Pays les plus appréciés - Statistiques

Statistiques générales
  • Ce quiz a été pris 512 fois
  • Le résultat moyen est 6 sur 10
Statistiques - réponses
# Pays % Correct
1. Canada
90%
4. Suisse
71%
5. Australie
69%
2. Norvège
69%
6. Finlande
68%
3. Suède
68%
8. Danemark
60%
9. Pays-Bas
53%
10. Belgique
51%
7. Nouvelle-Zélande
45%
Aucun quiz correspondant
Distribution des résultats
% des personnes avec chaque résultat
Percentile par nombre de réponses
Votre historique - résultats
Vous n’avez pas pris ce quiz